000 00344nam a2200133Ia 4500
008 240624s9999 xx 000 0 und d
041 _aeng
082 _a158.720941 DEW
100 _aDEWE PHILIP
245 _aWELL BEING AND WORK TOWARDS A BALANCED A
260 _aMacmillan,,2012
300 _aviii, 194 pages ; , 24 cm.
365 _cERU
_b38
999 _c29304
_d29304